00193nam a22000857a 4500082001200000100002200012245003200034260003300066300000800099 a355 MAL aMALLALIEU, J. P W aTHE MAKING OF ISRAEL'S ARMY aLONDONbA PANTHER BOOKc1963 a70P